El gobierno y el parlamento de la gran bretaña /

Guardado en:
Autor Principal: Young, G. M.
Formato: Libro
Publicado: Buenos Aires : Espasa-calpe, 0
Materias:
Etiquetas: Agregar Etiqueta
Sin Etiquetas, Sea el primero en etiquetar este registro!
LEADER 00586nam a22001935a 4500
001 CEM.cems006721
005 20060214000000.0
008 130507b######################000#0#####d
003 CEMS
082 0 4 |a 942.32842 
100 1 |a Young, G. M. 
245 1 0 |a El gobierno y el parlamento de la gran bretaña / 
260 |a Buenos Aires :  |b Espasa-calpe, 0 
300 |a 48 p. 
653 |a Historia 
653 |a Historia de europa 
653 |a Londres 
859 |a CEMS  |b BIB. CEMS - 11 de abril  |h 942.32842  |i Y84  |p 10016.81  |t Ej.1 
859 |a CEMS  |b BIB. CEMS - 11 de abril  |h 942.32842  |i Y84  |p 10018.81  |t Ej.2